Medidas preventivas: en el centenario de la huelga general de Iquique
Salvato in:
| Autori principali: | , , , , , , , |
|---|---|
| Natura: | Libro |
| Lingua: | spagnolo |
| Pubblicazione: |
Santiago
Ediciones Metales Pesados
2008
|
| Edizione: | 1a. ed |
| Serie: | Cuadernos de Movilización
|
| Soggetti: | |
| Tags: |
Aggiungi Tag
Nessun Tag, puoi essere il primo ad aggiungerne!!
|
MARC
| LEADER | 00000cam a2200000 a 4500 | ||
|---|---|---|---|
| 001 | UCE0407 | ||
| 003 | CL-VaPUC | ||
| 008 | 140116e20080900cl |||||||||||||||||spa|d | ||
| 020 | |a 9789568415211 | ||
| 082 | 0 | 4 | |a 700.983 |b JAR |2 21 |
| 100 | |a Jara Hinojosa, Isabel |e author |9 561589 | ||
| 700 | 0 | |a Pey Tumanoff, Roxana |e author |9 572767 | |
| 700 | 0 | |a Thayer, Willy |e author |9 572768 | |
| 700 | 0 | |a Arqueros, Gonzalo |e author |9 572769 | |
| 700 | 0 | |a Errázuriz, Paz |e author |9 572770 | |
| 700 | 0 | |a González, Nury |e author |9 537053 | |
| 700 | |a Díaz, Gonzalo |e author |9 501532 | ||
| 700 | 0 | |a Langlois, Pablo |e author |9 572771 | |
| 245 | 1 | 0 | |a Medidas preventivas: en el centenario de la huelga general de Iquique |
| 250 | |a 1a. ed | ||
| 300 | |a 134 p | ||
| 942 | |c BK | ||
| 945 | |d 20140116 11:53:00 |a dcastane | ||
| 260 | |a Santiago |b Ediciones Metales Pesados |c 2008 | ||
| 650 | 7 | |a HUELGAS SALITRERAS |2 CL-VaPUC |9 506792 | |
| 650 | 0 | |a Exposiciones |9 265884 | |
| 650 | 0 | |a Historia de Chile siglo 20 |9 268145 | |
| 651 | 7 | |a IQUIQUE |2 CL-VaPUC |9 357757 | |
| 583 | |a last modification |c 20150505 09:27:37 |k Rodrigo Vera | ||
| 490 | 0 | |a Cuadernos de Movilización | |
| 999 | |c 354546 |d 354544 | ||
| 952 | |0 0 |1 0 |3 erb |4 0 |6 700_983000000000000_JAR_2008 |7 0 |8 A |9 460491 |a BIBART |b BIBART |i 504992K |o 700.983 JAR 2008 |p 504992K |r 2025-03-13 |w 2019-11-23 |y BK |z Catalogado en:20140116 |k ART | ||
| 952 | |0 0 |1 0 |3 erb |4 0 |6 700_983000000000000_JAR_2008 |7 0 |8 A |9 460492 |a BIBART |b BIBART |i 5082676 |o 700.983 JAR 2008 |p 5082676 |r 2025-03-13 |w 2019-11-23 |y BK |z Catalogado en:20140605 |k ART | ||